000
00306nam a22001217a 4500
008
230704b xxu||||| |||| 00| 0 eng d
082
_a
342.941
_b
HUN
100
_c
Hungary
245
_a
Legislation of the Hungarian Parliament
_b
1990
260
_a
Hungary
_c
1990
300
_a
various paging
942
_2
ddc
_c
BK
999
_c
3638
_d
3638